000 00257nam a2200097Ia 4500
001 1090074
005 20250827002834.0
008 250824s9999 xx 000 0 und d
245 0 _aÖZGÜRLÜĞE KAÇIŞIM
_cALİYA İZETBEGOVİÇ
260 _bKETEBE YAYINLARI
999 _c1090074
_d1090074